Bajo el fuego del fanatismo: la primera cruzada de l tercer milenio /
Guardado en:
| Autor principal: | |
|---|---|
| Formato: | Texto |
| Materias: | |
| Etiquetas: |
Agregar Etiqueta
Sin Etiquetas, Sea el primero en etiquetar este registro!
|
MARC
| LEADER | 00000 a a2200000 04500 | ||
|---|---|---|---|
| 001 | 3732 | ||
| 003 | |||
| 040 | |||
| 100 | |a García Dávalos, Luis A. | ||
| 245 | |a Bajo el fuego del fanatismo: |b la primera cruzada de l tercer milenio / |c Luis A. García Dávalos | ||
| 650 | |a VIOLENCIA | ||
| 650 | |a AUTORITARISMO | ||
| 650 | |a RELIGION | ||
| 650 | |a IDEOLOGIAS | ||
| 773 | |g número 179 -180; páginas 70-83 | ||
| 999 | |c 25229 |d 25229 | ||
